Miasta na prawach powiatu - Statystyki

Ogólne statystyki
  • Ten quiz został rozwiązany 1 149 razy
  • Średni wynik to 48 z 66
Statystyki odpowiedzi
Województwo Liczba ludności Miasto % Poprawnych
mazowieckie 1 753 977 Warszawa
98%
małopolskie 765 320 Kraków
97%
łódzkie 696 503 Łódź
97%
pomorskie 463 754 Gdańsk
96%
dolnośląskie 637 683 Wrocław
96%
lubelskie 340 466 Lublin
95%
zachodniopomorskie 404 878 Szczecin
95%
pomorskie 246 991 Gdynia
94%
wielkopolskie 540 372 Poznań
94%
podlaskie 296 628 Białystok
93%
kujawsko-pomorskie 353 938 Bydgoszcz
93%
kujawsko-pomorskie 202 521 Toruń
93%
śląskie 298 111 Katowice
92%
świętokrzyskie 197 704 Kielce
89%
warmińsko-mazurskie 172 993 Olsztyn
89%
opolskie 118 722 Opole
89%
mazowieckie 215 020 Radom
89%
podkarpackie 187 422 Rzeszów
88%
lubuskie 139 330 Zielona Góra
88%
śląskie 226 225 Częstochowa
84%
lubuskie 123 995 Gorzów Wielkopolski
83%
pomorskie 36 849 Sopot
81%
zachodniopomorskie 107 680 Koszalin
80%
warmińsko-mazurskie 121 191 Elbląg
78%
śląskie 182 156 Gliwice
78%
mazowieckie 121 295 Płock
77%
śląskie 205 873 Sosnowiec
76%
małopolskie 110 110 Tarnów
75%
wielkopolskie 102 249 Kalisz
73%
śląskie 175 459 Zabrze
73%
śląskie 172 030 Bielsko-Biała
72%
podlaskie 69 626 Suwałki
72%
dolnośląskie 114 568 Wałbrzych
72%
śląskie 169 617 Bytom
71%
dolnośląskie 100 718 Legnica
71%
łódzkie 74 694 Piotrków Trybunalski
70%
pomorskie 91 935 Słupsk
70%
kujawsko-pomorskie 112 483 Włocławek
70%
dolnośląskie 80 524 Jelenia Góra
69%
śląskie 109 398 Chorzów
68%
wielkopolskie 75 342 Konin
67%
lubelskie 64 648 Zamość
67%
śląskie 128 351 Tychy
66%
malopolskie 83 993 Nowy Sącz
65%
śląskie 121 802 Dąbrowa Górnicza
64%
śląskie 139 252 Rybnik
64%
kujawsko-pomorskie 95 964 Grudziądz
63%
podkarpackie 62 154 Przemyśl
63%
mazowieckie 77 020 Siedlce
63%
śląskie 139 125 Ruda Śląska
61%
zachodniopomorskie 41 115 Świnoujście
61%
lubelskie 63 734 Chełm
60%
podlaskie 62 802 Łomża
59%
lubelskie 57 303 Biała Podlaska
58%
mazowieckie 52 337 Ostrołęka
58%
wielkopolskie 64 159 Leszno
57%
podkarpackie 46 565 Krosno
55%
podkarpackie 47 595 Tarnobrzeg
55%
łódzkie 48 327 Skierniewice
52%
śląskie 74 592 Mysłowice
47%
śląskie 92 473 Jaworzno
46%
śląskie 67 905 Siemianowice Śląskie
45%
śląskie 89 883 Jastrzębie-Zdrój
43%
śląskie 62 013 Żory
43%
śląskie 55 954 Piekary Śląskie
41%
śląskie 50 644 Świętochłowice
40%
Nie znaleziono quizów pasujących do podanych kryteriów
Rozkład punktacji
Procent ludzi z każdym wynikiem
Percentyl według liczby udzielonych odpowiedzi
Twoja historia wyników
Nie rozwiązałeś tego quizu